00334 a2200109 4500001001000000005001700010008004100027245005100068100001900119773006900138999001700207ART_1389820260410161911.0260409a 10aOligopoly, distribution and the rate of profit1 aCowling, Keith0 tEuropean economic reviewg- Vol. 15, NÂș 2 (feb. 1981)wREV13346 c26865d26865